Novela y sociedad en la España contemporánea (Record no. 179029)

MARC details
000 -LEADER
campo de control de longitud fija 00991nam a2200277 4500
001 - NÚMERO DE CONTROL
campo de control 179029
003 - IDENTIFICADOR DE NÚMERO DE CONTROL
campo de control ES-MaACL
005 - FECHA Y HORA DE LA ÚLTIMA TRANSACCIÓN
campo de control 20250731070137.0
008 - DATOS DE LONGITUD FIJA--INFORMACIÓN GENERAL
campo de control de longitud fija 110823s2009 sp |||| | spa d
020 ## - NÚMERO INTERNACIONAL ESTÁNDAR DEL LIBRO
Número Internacional Estándar del Libro 978-84-245-1180-7
080 ## - NÚMERO DE LA CLASIFICACIÓN DECIMAL UNIVERSAL
Número de la Clasificación Decimal Universal 821.134.2-31.09"19"
080 ## - NÚMERO DE LA CLASIFICACIÓN DECIMAL UNIVERSAL
Número de la Clasificación Decimal Universal 316.7:821.134.2"19/20"
100 1# - ENTRADA PRINCIPAL--NOMBRE DE PERSONA
Nombre de persona Urioste-Azcorra, Carmen.
9 (RLIN) 147701
245 10 - MENCIÓN DEL TÍTULO
Título Novela y sociedad en la España contemporánea
Resto del título : (1994-2009) /
Mención de responsabilidad, etc. Carmen de Urioste Azcorra.
250 ## - MENCION DE EDICION
Mención de edición 1ª ed.
260 ## - PUBLICACIÓN, DISTRIBUCIÓN, ETC.
Lugar de publicación, distribución, etc. Madrid :
Nombre del editor, distribuidor, etc. Fundamentos,
Fecha de publicación, distribución, etc. 2009.
300 ## - DESCRIPCIÓN FÍSICA
Extensión 251 p. ;
Dimensiones 21 cm.
490 1# - MENCIÓN DE SERIE
Mención de serie Espiral hispano-americana ;
Designación de volumen o secuencia 60
504 ## - NOTA DE BIBLIOGRAFÍA, ETC.
Nota de bibliografía, etc. Bibliografía: p. 225-251.
650 04 - PUNTO DE ACCESO ADICIONAL DE MATERIA--TÉRMINO DE MATERIA
Término de materia o nombre geográfico como elemento de entrada Novela española-
Subdivisión cronológica S.XX-
Subdivisión general Historia y crítica
9 (RLIN) 15617
650 #7 - PUNTO DE ACCESO ADICIONAL DE MATERIA--TÉRMINO DE MATERIA
Término de materia o nombre geográfico como elemento de entrada Literatura y sociedad-
Subdivisión geográfica España.
9 (RLIN) 14680
830 0# - PUNTO DE ACCESO ADICIONAL DE SERIE-TÍTULO UNIFORME
Título uniforme Espiral hispano-americana ;
Designación de volumen o secuencia 60
9 (RLIN) 179379
852 ## - LOCALIZACIÓN
Ubicación ES-MaACL
Número de control de estantería A-11423
itemnumber 185898
Sublocalización o colección R.145884
Ubicación en estantería Depósito 1
Signatura antigua Olim: N-4427
942 ## - ELEMENTOS DE ENTRADA SECUNDARIOS (KOHA)
Fuente del sistema de clasificación o colocación Clasificación decimal universal
Tipo de ítem Koha Libro impreso
Holdings
Estatus retirado Estado de pérdida Fuente del sistema de clasificación o colocación Estado de daño No para préstamo Biblioteca de origen Biblioteca actual Ubicación en estantería Fecha de adquisición Fuente de adquisición Total de préstamos Signatura topográfica completa Código de barras Visto por última vez Precio de reemplazo Tipo de ítem Koha
    Clasificación decimal universal     Biblioteca del Ateneo de Madrid Biblioteca del Ateneo de Madrid Depósito 1 23/08/2011 Compra   A-11423 1188059 23/02/2023 23/02/2023 Libro impreso